000 01338nam a22001817a 4500
003 OSt
005 20230531083342.0
008 230531b |||||||| |||| 00| 0 eng d
040 _aDWCL-Main Lib
_cOC
082 _aAV 616.85882 2006
245 _aInvisible wall [videorecording]:
_bautism/
_cproduced, written and directed by Stephen Eder
260 _a[Place of Publication not identified]:
_bDiscovery Health Channel,
_cc2006
300 _a1 videodisc:
_bsound, color;
_c4 3/4 in.
306 _a(approximately 40 mins.)
500 _aThis series captures on-screen compelling life stories, related by patients, their families, friends and healthcare providers, focusing on Schizophrenia, Manic depression, Anxiety Disorders, Suicide and Autism. By combining compelling patient and family profiles with scientific segments, this series is both educational and enjoyable on a personal level. The audience will walk away with a stringer knowledge and a deeper understanding of this enigmatic illness and those people that are afflicted with it. In this program, penetrate the invisible wall of Autism. Explore the inner workings of autism in the brain. See the affected regions of the brain including the language centers. Learn the compelling stories of patients, their families and doctors.
650 0 _aAutism.
_98
942 _2ddc
_cTEST
_n0
999 _c12
_d12